| 000 | 00000nam##2200000za#4500 |
| 001 | 9.570734 |
| 003 | CaOODSP |
| 005 | 20210624182402 |
| 007 | cr ||||||||||| |
| 008 | 150406|2007||||xxc|||||o f|0| 0 eng|d |
| 022 | |a1919-5087 |
| 040 | |aCaOODSP|beng |
| 043 | |an-cn--- |
| 086 | 1 |aFs70-6/2007-013E-PDF |
| 110 | 1 |aCanada. |bDepartment of Fisheries and Oceans. |bMaritimes Region. |
| 245 | 10|aStock assessment report on scallops (Placopecten magellanicus) in scallop production areas 1 to 6 in the Bay of Fundy |h[electronic resource] |
| 246 | 1 |aMaritimes Region - scallop fishing in the Bay of Fundy |
| 260 | |aDartmouth - Nova Scotia : |bFisheries and Oceans Canada. |cMay 2007. |
| 300 | |a35p.|bgraphs, illus., maps, references |
| 490 | 1 |aCanadian Science Advisory Secretariat science advisory report |x1919-5087|v2007/013, Maritimes Region |
| 590 | |a11-20-Supp|b2011-09-29 |
| 775 | 08|tÉvaluation des stocks de pétoncles (Plactopecten magellanicus) des zones de production de pétoncles 1 à 6 dans la baie de Fundy |w(CaOODSP)9.601382 |
| 830 | #0|aScience advisory report (Canadian Science Advisory Secretariat)|x1919-5087|v2007/013, Maritimes Region|w(CaOODSP)9.506226 |
| 856 | 40|ahttp://publications.gc.ca|qPDF|s1.46 MB|uhttps://publications.gc.ca/collections/collection_2011/mpo-dfo/Fs70-6-2007-013-eng.pdf|y2007/013, Maritimes Region |